Liquefied gas handling principles on ships and in terminals (Record no. 325)

000 -LEADER
fixed length control field 00544 a2200157 4500
008 - FIXED-LENGTH DATA ELEMENTS--GENERAL INFORMATION
fixed length control field 221010b ||||| |||| 00| 0 eng d
020 ## - INTERNATIONAL STANDARD BOOK NUMBER
International Standard Book Number 978185609747
082 00 - DEWEY DECIMAL CLASSIFICATION NUMBER
Classification number 387.5448
Item number S5789
100 ## - MAIN ENTRY--PERSONAL NAME
Personal name McGuire and White
245 ## - TITLE STATEMENT
Title Liquefied gas handling principles on ships and in terminals
260 ## - PUBLICATION, DISTRIBUTION, ETC. (IMPRINT)
Place of publication, distribution, etc Bermuda:
Name of publisher, distributor, etc Society of International Gas Tanker & Terminal Operators Ltd,
Date of publication, distribution, etc 2016.
300 ## - PHYSICAL DESCRIPTION
Extent xxxix, 527 p.
650 #0 - SUBJECT ADDED ENTRY--TOPICAL TERM
Topical term or geographic name as entry element Liquefied gas carriers
710 ## - ADDED ENTRY--CORPORATE NAME
9 (RLIN) 5060
Corporate name or jurisdiction name as entry element Society of International Gas Tanker and Terminal Operators
942 ## - ADDED ENTRY ELEMENTS (KOHA)
Source of classification or shelving scheme
Item type Books
Holdings
Withdrawn status Lost status Source of classification or shelving scheme Damaged status Not for loan Permanent location Current location Date acquired Source of acquisition Full call number Barcode Date last seen Koha item type Cost, normal purchase price Cost, replacement price Total Checkouts Date last borrowed
          IMU Kolkata IMU Kolkata 2017-04-26 Jyoti, the Book People 387.5448 S5789 12499 2019-09-19 Books        
          IMU Kolkata IMU Kolkata 2017-02-28 R. B. Enterprises 387.5448 S5789 11915 2019-10-14 Books 22361.95 22361.95    
          IMU Kolkata IMU Kolkata 2017-08-30 Sterling Book House 387.5448 S5789 12713 2019-10-21 Books 20582.49 22869.44    
          IMU Kolkata IMU Kolkata 2017-08-30 Sterling Book House 387.5448 S5789 12714 2019-10-21 Books 20582.49 22869.44    
          IMU Kolkata IMU Kolkata 2017-08-30 Sterling Book House 387.5448 S5789 12715 2022-10-26 Books 20582.49 22869.44 1 2022-10-10
          IMU Kolkata IMU Kolkata 2017-08-30 Sterling Book House 387.5448 S5789 12716 2019-10-21 Books 20582.49 22869.44    
Designed and Maintained by IMU-KC Library, Kolkata Campus © Copyright All Rights Reserved

webs counters

Powered by Koha